Snatak mahalar siksha tatta (Record no. 6500)

MARC details
000 -LEADER
fixed length control field 00597cam a2200241ua 4500
001 - CONTROL NUMBER
control field 7380
005 - DATE AND TIME OF LATEST TRANSACTION
control field 20260515114214.0
008 - FIXED-LENGTH DATA ELEMENTS--GENERAL INFORMATION
fixed length control field 150817n ii |||gr||||Z||||||asm
020 ## - INTERNATIONAL STANDARD BOOK NUMBER
International Standard Book Number 9788191098334
040 ## - CATALOGING SOURCE
Transcribing agency MAIN
041 ## - LANGUAGE CODE
Language code of text/sound track or separate title asm
082 ## - DEWEY DECIMAL CLASSIFICATION NUMBER
Classification number 370.1
100 ## - MAIN ENTRY--PERSONAL NAME
Personal name Chaliha, B. Kr.,
Relator term Author.
245 ## - TITLE STATEMENT
Title Snatak mahalar siksha tatta
Statement of responsibility, etc. By Beda Kr. Chaliha
250 ## - EDITION STATEMENT
Edition statement 5th.
260 ## - PUBLICATION, DISTRIBUTION, ETC.
Place of publication, distribution, etc. Jorhat:
Name of publisher, distributor, etc. Bidya bhawan,
Date of publication, distribution, etc. 2012.
300 ## - PHYSICAL DESCRIPTION
Extent 343p.
653 ## - INDEX TERM--UNCONTROLLED
Uncontrolled term Education
653 ## - INDEX TERM--UNCONTROLLED
Uncontrolled term Educational thought
700 ## - ADDED ENTRY--PERSONAL NAME
Personal name Saikia, T.,
Relator term Author.
700 ## - ADDED ENTRY--PERSONAL NAME
Personal name Saikia, R. B.,
Relator term Author.
942 ## - ADDED ENTRY ELEMENTS (KOHA)
Koha item type Books
Holdings
Withdrawn status Lost status Damaged status Not for loan Home library Current library Shelving location Date acquired Total checkouts Full call number Barcode Date last seen Date last checked out Copy number Price effective from Koha item type
        Naharkatiya College Library Naharkatiya College Library General stacks 09/19/2020 7 370.1 | CHA 21277 11/20/2024 10/29/2024 6 09/19/2020 Books
        Naharkatiya College Library Naharkatiya College Library General stacks 09/19/2020 5 370.1 | CHA 21278 12/13/2024 11/22/2024 3 09/19/2020 Books
        Naharkatiya College Library Naharkatiya College Library General stacks 09/19/2020 6 370.1 | CHA 21279 12/17/2024 11/18/2024 1 09/19/2020 Books
        Naharkatiya College Library Naharkatiya College Library General stacks 09/19/2020 6 370.1 | CHA 21280 12/13/2024 10/22/2024 4 09/19/2020 Books
        Naharkatiya College Library Naharkatiya College Library General stacks 09/19/2020   370.1 | CHA 21281 09/19/2020   8 09/19/2020 Books
        Naharkatiya College Library Naharkatiya College Library General stacks 09/19/2020 6 370.1 | CHA 21283 09/11/2024 09/11/2024 5 09/19/2020 Books
        Naharkatiya College Library Naharkatiya College Library General stacks 09/19/2020 5 370.1 | CHA 21284 09/25/2025 09/06/2025 7 09/19/2020 Books
        Naharkatiya College Library Naharkatiya College Library General stacks 09/19/2020 8 370.1 | CHA 21285 11/18/2022 10/31/2022 2 09/19/2020 Books